Prénoms féminins les plus populaires en E - Statistiques

Statistiques générales
  • Ce quiz a été pris 837 fois
  • Le résultat moyen est 14 sur 28
Statistiques - réponses
Hint Réponse % Correct
Em Emma
95%
Ev Eva
88%
Em Emilie
81%
Ev Eve
81%
El Elise
73%
El Elisa
72%
Es Estelle
65%
Em Emeline
53%
El Elodie
52%
El Eloïse
51%
Em Emy
51%
Eg Eglantine
50%
Ev Evelyne
48%
El Elsa
47%
Eu Eugénie
47%
Em Emmanuelle
44%
El Ellie
42%
El Elisabeth
40%
El Eléonore
36%
Es Esther
35%
Ed Edith
31%
El Eléa
31%
Ed Eden
28%
El Eliane
27%
En Enora
27%
Es Esmée
21%
Er Erika
20%
Ed Edwige
19%
Aucun quiz correspondant
Distribution des résultats
% des personnes avec chaque résultat
Percentile par nombre de réponses
Votre historique - résultats
Vous n’avez pas pris ce quiz